[Event "FIN-chT 2425"]
[Site "Finland"]
[Date "2024.09.06"]
[Round "1.2"]
[White "Kauppila, Osmo"]
[Black "Keskisarja, Teemu"]
[Result "1-0"]
[WhiteElo "2292"]
[BlackElo "2257"]
[PlyCount "83"]
[EventDate "2024.09.06"]
[EventType "team-tourn"]
[EventRounds "11"]
[EventCountry "FIN"]
[SourceTitle "EXT 2025"]
[Source "ChessBase"]
[SourceDate "2024.10.14"]
[SourceVersion "1"]
[SourceVersionDate "2024.10.14"]
[SourceQuality "1"]
[WhiteTeam "Raahe Li"]
[BlackTeam "Helsinki Aatos"]
[WhiteTeamCountry "FIN"]
[BlackTeamCountry "FIN"]

1. Nf3 d5 2. g3 Nc6 3. d4 Bf5 4. c4 e6 5. Bg2 Nf6 6. 0-0 Be7 7. Nc3 0-0 8. Ne5 Rb8 9. cxd5 exd5 10. Qa4 Nb4 11. a3 Nc2 12. Ra2 c5 13. e4 Nxe4 14. Nxe4 Nxd4 15. Nc3 Bd6 16. Nxf7 Rxf7 17. Bxd5 Be6 18. Bxe6 Nxe6 19. Be3 Be7 20. Qe4 Nd4 21. Kg2 Bf6 22. Nd5 Qe8 23. Qxe8+ Rxe8 24. b4 b6 25. bxc5 bxc5 26. Nxf6+ Rxf6 27. Rc1 Re5 28. Rxc5 Rxc5 29. Bxd4 Rfc6 30. Bxc5 Rxc5 31. Re2 Kf7 32. Re4 g5 33. h4 gxh4 34. Rxh4 Kg6 35. Rd4 h5 36. Rd6+ Kg5 37. Ra6 Rc7 38. Kh3 Rd7 39. f4+ Kf5 40. Ra5+ Kg6 41. Rg5+ Kh6 42. Kh4 1-0

[Event "FIN-chT 2324"]
[Site "Finland"]
[Date "2024.03.16"]
[Round "10.4"]
[White "Keskisarja, Teemu"]
[Black "Verkasalo, Tommi"]
[Result "1-0"]
[WhiteElo "2259"]
[BlackElo "2205"]
[PlyCount "47"]
[EventDate "2023.09.23"]
[EventType "team-tourn"]
[EventRounds "11"]
[EventCountry "FIN"]
[SourceTitle "EXT 2025"]
[Source "ChessBase"]
[SourceDate "2024.10.14"]
[SourceVersion "1"]
[SourceVersionDate "2024.10.14"]
[SourceQuality "1"]
[WhiteTeam "Helsinki Aatos"]
[BlackTeam "Raahe Li"]
[WhiteTeamCountry "FIN"]
[BlackTeamCountry "FIN"]

1. d4 Nf6 2. Bf4 g6 3. Nc3 d6 4. e4 Bg7 5. Qd2 0-0 6. 0-0-0 a6 7. Bh6 b5 8. f3 Nbd7 9. Bxg7 Kxg7 10. e5 Ng8 11. h4 Bb7 12. h5 e6 13. Nh3 dxe5 14. hxg6 hxg6 15. Ng5 Ngf6 16. dxe5 Nxe5 17. Nxe6+ fxe6 18. Qh6+ Kf7 19. Rxd8 Raxd8 20. Qf4 Ned7 21. Bd3 e5 22. Qg5 Rg8 23. Rh6 b4 24. Bc4+ 1-0

[Event "FIN-chT 2324"]
[Site "Finland"]
[Date "2024.01.13"]
[Round "7.4"]
[White "Keskisarja, Teemu"]
[Black "Sorsa, Nuutti"]
[Result "1/2-1/2"]
[WhiteElo "2259"]
[BlackElo "2212"]
[PlyCount "125"]
[EventDate "2023.09.23"]
[EventType "team-tourn"]
[EventRounds "11"]
[EventCountry "FIN"]
[SourceTitle "EXT 2025"]
[Source "ChessBase"]
[SourceDate "2024.10.14"]
[SourceVersion "1"]
[SourceVersionDate "2024.10.14"]
[SourceQuality "1"]
[WhiteTeam "Helsinki Aatos"]
[BlackTeam "Turku TuTS"]
[WhiteTeamCountry "FIN"]
[BlackTeamCountry "FIN"]

1. e4 d6 2. d4 Nf6 3. Nc3 c6 4. Nf3 Bg4 5. Be2 Nbd7 6. h3 Bxf3 7. Bxf3 e5 8. 0-0 Be7 9. Be3 Qc7 10. a4 a5 11. Be2 Nf8 12. f4 exf4 13. Bxf4 Ng6 14. Be3 0-0 15. Bd3 Rae8 16. Qf3 Bd8 17. Rae1 Qe7 18. Kh1 Nd7 19. Ne2 Nh4 20. Qh5 Ng6 21. Ng3 Nf6 22. Qf3 Nh4 23. Qf2 Qe6 24. e5 Nd5 25. Bd2 dxe5 26. Rxe5 Qf6 27. Qe2 Rxe5 28. dxe5 Qe6 29. Nf5 Nxf5 30. Bxf5 Qe7 31. e6 Kh8 32. Re1 g6 33. c4 Nf6 34. Bd3 Nh5 35. Bc3+ f6 36. Qf3 Bc7 37. g4 Qd6 38. Re5 Ng7 39. Re2 Nxe6 40. Bxf6+ Kg8 41. c5 Qf4 42. Qxf4 Nxf4 43. Bc4+ Nd5 44. g5 h6 45. h4 hxg5 46. hxg5 Bd8 47. Bxd8 Rxd8 48. Re7 Rb8 49. Rd7 Kf8 50. Bxd5 cxd5 51. Kg2 Rc8 52. Rxd5 Ke7 53. Kf3 Rf8+ 54. Ke3 Rf1 55. Rd6 Re1+ 56. Kd2 Re5 57. Rxg6 Rxc5 58. Kd3 b5 59. axb5 Rxb5 60. Kc3 Kf7 61. Rc6 Rxg5 62. b3 Rb5 63. Rc4 1/2-1/2

[Event "FIN-chT 2324"]
[Site "Finland"]
[Date "2023.10.22"]
[Round "4.4"]
[White "Ristoja, Samu"]
[Black "Keskisarja, Teemu"]
[Result "1/2-1/2"]
[WhiteElo "2163"]
[BlackElo "2259"]
[PlyCount "67"]
[EventDate "2023.09.23"]
[EventType "team-tourn"]
[EventRounds "11"]
[EventCountry "FIN"]
[SourceTitle "EXT 2025"]
[Source "ChessBase"]
[SourceDate "2024.10.14"]
[SourceVersion "1"]
[SourceVersionDate "2024.10.14"]
[SourceQuality "1"]
[WhiteTeam "Gambiitti"]
[BlackTeam "Helsinki Aatos"]
[WhiteTeamCountry "FIN"]
[BlackTeamCountry "FIN"]

1. d4 d5 2. c4 Nc6 3. Nc3 Nf6 4. Bg5 dxc4 5. e3 e5 6. d5 Nb8 7. Bxc4 Nbd7 8. Nge2 Be7 9. Rc1 0-0 10. 0-0 a6 11. Ng3 Ne8 12. Bxe7 Qxe7 13. Bb3 Ndf6 14. Qc2 Bd7 15. Rfe1 Rd8 16. e4 Nd6 17. Ba4 Bc8 18. Nd1 Nfe8 19. Bxe8 Nxe8 20. Ne3 g6 21. f3 h5 22. Ne2 Qg5 23. Qb3 Kg7 24. Kh1 h4 25. Qc3 Kh7 26. Nc4 f6 27. Qe3 Qxe3 28. Nxe3 Rf7 29. Rc2 h3 30. gxh3 Bxh3 31. Rec1 Bd7 32. Ng4 Bxg4 33. fxg4 Rdd7 34. Ng3 1/2-1/2

[Event "FIN-chT1 Gp1"]
[Site "Finland"]
[Date "2023.01.15"]
[Round "5.2"]
[White "Taylor, Daryl"]
[Black "Keskisarja, Teemu"]
[Result "0-1"]
[WhiteElo "1948"]
[BlackElo "2253"]
[PlyCount "62"]
[EventDate "2022.09.24"]
[EventType "team-tourn"]
[EventRounds "7"]
[EventCountry "FIN"]
[SourceTitle "EXT 2025"]
[Source "ChessBase"]
[SourceDate "2024.10.14"]
[SourceVersion "1"]
[SourceVersionDate "2024.10.14"]
[SourceQuality "1"]
[WhiteTeam "Vantaa EtVaS III"]
[BlackTeam "Helsinki Aatos"]
[WhiteTeamCountry "FIN"]
[BlackTeamCountry "FIN"]

1. Nf3 Nf6 2. g3 d5 3. Bg2 c6 4. b3 Bf5 5. c4 e6 6. 0-0 Nbd7 7. d3 Bc5 8. Bb2 0-0 9. Nbd2 Qe7 10. Ne5 Nxe5 11. Bxe5 Rad8 12. Qc2 d4 13. Bxf6 gxf6 14. Ne4 Bb6 15. Qd2 Bg6 16. b4 f5 17. Nc5 Bxc5 18. bxc5 Qxc5 19. Rfb1 Rd7 20. a4 e5 21. Qb4 Qxb4 22. Rxb4 e4 23. Bh3 Re7 24. c5 Rd8 25. Rab1 Rd5 26. Rc1 Bh5 27. Bf1 a5 28. Rb2 Kg7 29. Kg2 Kf6 30. f3 exf3+ 31. exf3 f4 0-1

[Event "FIN-chT 1415"]
[Site "Finland"]
[Date "2014.09.28"]
[Round "2.3"]
[White "Fraser, Scott"]
[Black "Keskisarja, Teemu"]
[Result "1-0"]
[WhiteElo "2166"]
[BlackElo "2274"]
[PlyCount "89"]
[EventDate "2014.09.27"]
[EventType "team-tourn"]
[EventRounds "11"]
[EventCountry "FIN"]
[SourceTitle "CBM 162 Extra"]
[Source "ChessBase"]
[SourceDate "2014.10.17"]
[SourceVersion "1"]
[SourceVersionDate "2014.10.17"]
[SourceQuality "1"]
[WhiteTeam "Espoo MatSK II"]
[BlackTeam "Porvoo Velhot"]
[WhiteTeamCountry "FIN"]
[BlackTeamCountry "FIN"]

1. Nf3 Nf6 2. c4 c5 3. Nc3 g6 4. g3 b6 5. Bg2 Bb7 6. 0-0 Bg7 7. d4 cxd4 8. Qxd4 d6 9. Rd1 Nbd7 10. Be3 Rc8 11. Rac1 0-0 12. Qh4 a6 13. b3 Re8 14. Bh3 Rb8 15. g4 b5 16. cxb5 axb5 17. g5 Nh5 18. Bg4 b4 19. Nd5 Bxd5 20. Rxd5 Ne5 21. Nxe5 Bxe5 22. Bxh5 gxh5 23. Qxh5 Rc8 24. Rcd1 Qc7 25. R5d3 Qc2 26. Bd4 Bxd4 27. Rxd4 Rc5 28. R1d2 Qb1+ 29. Kg2 Rc1 30. Rf4 Rf8 31. Rd3 Rg1+ 32. Kf3 Qb2 33. Rh4 Qg7 34. Qh6 Qh8 35. Rdd4 f6 36. g6 Rxg6 37. Qxg6+ hxg6 38. Rxh8+ Kxh8 39. Rxb4 Kg7 40. a4 Kf7 41. a5 Ke6 42. Rb7 Kd5 43. b4 e5 44. b5 Rh8 45. a6 1-0

[Event "FIN-chT 1314"]
[Site "Finland"]
[Date "2013.09.21"]
[Round "1.6"]
[White "Keskisarja, Teemu"]
[Black "Ilmoni, Tommy"]
[Result "1/2-1/2"]
[WhiteElo "2281"]
[BlackElo "2083"]
[PlyCount "51"]
[EventDate "2013.09.21"]
[EventType "team-tourn"]
[EventRounds "11"]
[EventCountry "FIN"]
[SourceTitle "CBM 156 Extra"]
[Source "ChessBase"]
[SourceDate "2013.10.22"]
[SourceVersion "1"]
[SourceVersionDate "2013.10.22"]
[SourceQuality "1"]
[WhiteTeam "Porvoo Velhot"]
[BlackTeam "Helsinki Garde"]
[WhiteTeamCountry "FIN"]
[BlackTeamCountry "FIN"]

1. e4 c6 2. d4 d5 3. e5 Bf5 4. Nf3 e6 5. Be2 Ne7 6. 0-0 Nd7 7. Be3 Bg6 8. Nbd2 Nf5 9. Bg5 Qb6 10. Nb3 h6 11. Bd2 Qd8 12. Bd3 Be7 13. Nc1 Bh5 14. c3 Nh4 15. Be2 Nxf3+ 16. Bxf3 Bxf3 17. Qxf3 Bg5 18. Be3 0-0 19. Nd3 Qe7 20. Qg4 Bxe3 21. fxe3 f5 22. exf6 Rxf6 23. Rxf6 Nxf6 24. Qh3 Re8 25. Rf1 Nd7 26. Rf3 1/2-1/2

[Event "FIN-chT 1213"]
[Site "Finland"]
[Date "2013.03.09"]
[Round "13.5"]
[White "Kilpi, Teemu"]
[Black "Keskisarja, Teemu"]
[Result "1/2-1/2"]
[WhiteElo "2141"]
[BlackElo "2282"]
[PlyCount "24"]
[EventDate "2012.09.28"]
[EventType "team-tourn"]
[EventRounds "11"]
[EventCountry "FIN"]
[SourceTitle "EXT 2014"]
[Source "ChessBase"]
[SourceDate "2013.11.20"]
[SourceVersion "1"]
[SourceVersionDate "2013.11.20"]
[SourceQuality "1"]
[WhiteTeam "Oulu OSS"]
[BlackTeam "Porvoo Velhot"]
[WhiteTeamCountry "FIN"]
[BlackTeamCountry "FIN"]

1. d4 d6 2. e4 Nf6 3. f3 Nbd7 4. c4 e5 5. Be3 Be7 6. Nc3 c6 7. Nge2 0-0 8. g3 a6 9. a4 a5 10. Bg2 Re8 11. 0-0 Bf8 12. Qd2 Qc7 1/2-1/2

[Event "FIN-chT 1213"]
[Site "Finland"]
[Date "2013.02.09"]
[Round "10.5"]
[White "Franssila, Tommi"]
[Black "Keskisarja, Teemu"]
[Result "1/2-1/2"]
[WhiteElo "2215"]
[BlackElo "2282"]
[PlyCount "52"]
[EventDate "2012.09.28"]
[EventType "team-tourn"]
[EventRounds "11"]
[EventCountry "FIN"]
[SourceTitle "EXT 2014"]
[Source "ChessBase"]
[SourceDate "2013.11.20"]
[SourceVersion "1"]
[SourceVersionDate "2013.11.20"]
[SourceQuality "1"]
[WhiteTeam "Jyvaskyla JyS"]
[BlackTeam "Porvoo Velhot"]
[WhiteTeamCountry "FIN"]
[BlackTeamCountry "FIN"]

1. e4 g6 2. d4 Bg7 3. Nc3 d6 4. f4 a6 5. Nf3 b5 6. Bd3 Bb7 7. e5 Nd7 8. 0-0 c5 9. Be4 Bxe4 10. Nxe4 cxd4 11. exd6 Qb6 12. Re1 e6 13. Kh1 Nh6 14. Ne5 Rd8 15. a4 0-0 16. a5 Qb7 17. Qxd4 Nf5 18. Qd3 Nf6 19. Nxf6+ Bxf6 20. d7 Bxe5 21. fxe5 Rxd7 22. Qh3 Rc8 23. c3 Rc5 24. Bg5 Rcd5 25. Qf3 h5 26. Qf2 Qc8 1/2-1/2

[Event "FIN-chT 1213"]
[Site "Finland"]
[Date "2012.09.29"]
[Round "1.5"]
[White "Keskisarja, Teemu"]
[Black "Parkkinen, Jyrki"]
[Result "1-0"]
[WhiteElo "2282"]
[BlackElo "2164"]
[PlyCount "83"]
[EventDate "2012.09.28"]
[EventType "team-tourn"]
[EventRounds "11"]
[EventCountry "FIN"]
[SourceTitle "CBM 150 Extra"]
[Source "ChessBase"]
[SourceDate "2012.10.19"]
[SourceVersion "1"]
[SourceVersionDate "2012.10.19"]
[SourceQuality "1"]
[WhiteTeam "Porvoo Velhot"]
[BlackTeam "Helsinki HSK"]
[WhiteTeamCountry "FIN"]
[BlackTeamCountry "FIN"]

1. Nf3 d5 2. b3 Nf6 3. Bb2 e6 4. e3 Be7 5. Be2 0-0 6. 0-0 c5 7. c4 Nc6 8. cxd5 Nxd5 9. d3 Bf6 10. Qc1 Bxb2 11. Qxb2 b6 12. Nbd2 Qf6 13. Qxf6 gxf6 14. Rac1 Ba6 15. a3 Ne5 16. Nc4 Nxc4 17. bxc4 Ne7 18. Rfd1 Rfd8 19. Ne1 Rac8 20. f4 Rc7 21. Kf2 Bb7 22. Nf3 Bxf3 23. Bxf3 Nc6 24. g3 h6 25. Ke2 Kg7 26. Rb1 f5 27. h3 Rf8 28. g4 fxg4 29. hxg4 f6 30. Rh1 Re8 31. Rh5 e5 32. f5 Rh8 33. Bd5 Ne7 34. Be4 Nc8 35. a4 Nd6 36. Bd5 Re8 37. Kf3 e4+ 38. dxe4 Nf7 39. Bxf7 Rxf7 40. Rbh1 Rh8 41. e5 fxe5 42. Ke4 1-0

[Event "FIN-chT1B 1112"]
[Site "Finland"]
[Date "2012.02.11"]
[Round "6.1"]
[White "Pitkaaho, Aki"]
[Black "Keskisarja, Teemu"]
[Result "1/2-1/2"]
[WhiteElo "2137"]
[BlackElo "2285"]
[PlyCount "84"]
[EventDate "2011.09.17"]
[EventType "team-tourn"]
[EventRounds "7"]
[EventCountry "FIN"]
[SourceTitle "EXT 2019"]
[Source "ChessBase"]
[SourceDate "2018.10.10"]
[SourceVersion "1"]
[SourceVersionDate "2018.10.10"]
[SourceQuality "1"]
[WhiteTeam "Raahe Li"]
[BlackTeam "Helsinki HSK"]
[WhiteTeamCountry "FIN"]
[BlackTeamCountry "FIN"]

1. e4 d6 2. d4 Nf6 3. Nc3 c6 4. Be3 g6 5. Qd2 b5 6. Bd3 Nbd7 7. Nge2 b4 8. Na4 Qa5 9. b3 Ba6 10. a3 Bxd3 11. cxd3 Bg7 12. 0-0 0-0 13. Rfc1 Qb5 14. axb4 Ng4 15. Ra2 Nxe3 16. fxe3 Bh6 17. d5 cxd5 18. Nac3 Qxb4 19. Ra4 Qb7 20. Nxd5 Nc5 21. Rb4 Qd7 22. d4 Nxe4 23. Qd3 Nf6 24. Rc7 Qe6 25. Nef4 Bxf4 26. Nxf4 Qg4 27. Rxe7 g5 28. d5 Rac8 29. Qf1 gxf4 30. Rxf4 Qg5 31. Rxf6 Rc2 32. Rfxf7 Rfc8 33. Rg7+ Qxg7 34. Rxg7+ Kxg7 35. Qa1+ Kg6 36. Qxa7 Rf8 37. h4 Rff2 38. h5+ Kg5 39. e4 Rxg2+ 40. Kf1 Rh2 41. Qe3+ Kxh5 42. Qf3+ Kg6 1/2-1/2

[Event "FIN-chT1B 1011"]
[Site "Finland"]
[Date "2011.01.22"]
[Round "6.1"]
[White "Pudas, Teemu"]
[Black "Keskisarja, Teemu"]
[Result "1-0"]
[WhiteElo "2201"]
[BlackElo "2303"]
[PlyCount "51"]
[EventDate "2010.09.18"]
[EventType "team-tourn"]
[EventRounds "9"]
[EventCountry "FIN"]
[SourceTitle "EXT 2022"]
[Source "ChessBase"]
[SourceDate "2021.10.06"]
[SourceVersion "1"]
[SourceVersionDate "2021.10.06"]
[SourceQuality "1"]
[WhiteTeam "Espoo ESK"]
[BlackTeam "Helsinki I-HSK"]
[WhiteTeamCountry "FIN"]
[BlackTeamCountry "FIN"]

1. e4 d5 2. exd5 Qxd5 3. Nc3 Qa5 4. d4 Nf6 5. Bc4 c6 6. Bd2 Qc7 7. Nf3 Bf5 8. Ne5 e6 9. g4 Bg6 10. h4 Nbd7 11. Qe2 Bb4 12. h5 Bxc3 13. bxc3 Be4 14. f3 Bd5 15. Bd3 b5 16. Bf4 Qa5 17. Kd2 Nb6 18. g5 Na4 19. gxf6 gxf6 20. Ng4 0-0-0 21. Nxf6 Qxc3+ 22. Ke3 Nb6 23. Be5 Nc4+ 24. Kf2 Rhg8 25. Nxg8 Rxg8 26. Qe1 1-0

[Event "FIN-chT1B 1011"]
[Site "Finland"]
[Date "2010.10.17"]
[Round "4.1"]
[White "Yrjola, Jouni"]
[Black "Keskisarja, Teemu"]
[Result "1/2-1/2"]
[WhiteElo "2368"]
[BlackElo "2303"]
[PlyCount "44"]
[EventDate "2010.09.18"]
[EventType "team-tourn"]
[EventRounds "9"]
[EventCountry "FIN"]
[SourceTitle "EXT 2022"]
[Source "ChessBase"]
[SourceDate "2021.10.06"]
[SourceVersion "1"]
[SourceVersionDate "2021.10.06"]
[SourceQuality "1"]
[WhiteTeam "Helsinki KS 58"]
[BlackTeam "Helsinki I-HSK"]
[WhiteTeamCountry "FIN"]
[BlackTeamCountry "FIN"]

1. d4 b6 2. e4 Bb7 3. Bd3 Nf6 4. Qe2 e6 5. Nf3 c5 6. dxc5 Bxc5 7. 0-0 Nc6 8. e5 Nd5 9. a3 Qc7 10. c3 g5 11. b4 g4 12. Ng5 Be7 13. c4 Qxe5 14. cxd5 Qxe2 15. Bxe2 Nd4 16. Bd1 Rg8 17. Ne4 Bxd5 18. Bb2 Bxe4 19. Bxd4 Rc8 20. Be5 f5 21. Nc3 Bb7 22. Re1 Kf7 1/2-1/2

[Event "FIN-chT1B 0910"]
[Site "Finland"]
[Date "2010.03.20"]
[Round "7.1"]
[White "Keskisarja, Teemu"]
[Black "Kiili, Markus"]
[Result "1/2-1/2"]
[WhiteElo "2295"]
[BlackElo "2218"]
[PlyCount "37"]
[EventDate "2009.09.19"]
[EventType "team-tourn"]
[EventRounds "9"]
[EventCountry "FIN"]
[SourceTitle "EXT 2022"]
[Source "ChessBase"]
[SourceDate "2021.10.06"]
[SourceVersion "1"]
[SourceVersionDate "2021.10.06"]
[SourceQuality "1"]
[WhiteTeam "Helsinki I-HSK"]
[BlackTeam "Vantaa Remi"]
[WhiteTeamCountry "FIN"]
[BlackTeamCountry "FIN"]

1. Nf3 e6 2. g3 c5 3. c4 Nc6 4. Bg2 Nf6 5. 0-0 Be7 6. Nc3 a6 7. d4 cxd4 8. Nxd4 0-0 9. b3 Nxd4 10. Qxd4 d6 11. Rd1 Qc7 12. Ba3 Rd8 13. Rac1 Rb8 14. e4 b6 15. h3 Bb7 16. Qe3 Re8 17. Bb2 Bf8 18. Kh2 Rbd8 19. Ne2 1/2-1/2

[Event "FIN-chT1B 0910"]
[Site "Finland"]
[Date "2009.09.19"]
[Round "1.1"]
[White "Keskisarja, Teemu"]
[Black "Nippula, Timo"]
[Result "0-1"]
[WhiteElo "2295"]
[BlackElo "2238"]
[PlyCount "76"]
[EventDate "2009.09.19"]
[EventType "team-tourn"]
[EventRounds "9"]
[EventCountry "FIN"]
[SourceTitle "EXT 2022"]
[Source "ChessBase"]
[SourceDate "2021.10.06"]
[SourceVersion "1"]
[SourceVersionDate "2021.10.06"]
[SourceQuality "1"]
[WhiteTeam "Helsinki I-HSK"]
[BlackTeam "Karhula TS"]
[WhiteTeamCountry "FIN"]
[BlackTeamCountry "FIN"]

1. Nf3 d6 2. d4 Bg4 3. e4 Nf6 4. Nbd2 g6 5. Bd3 Bg7 6. 0-0 Nc6 7. h3 Bd7 8. c3 0-0 9. Re1 e5 10. dxe5 dxe5 11. Nc4 Nh5 12. Bg5 Qe8 13. Qb3 h6 14. Be3 b6 15. Bf1 Kh8 16. a4 Be6 17. Qc2 f5 18. exf5 gxf5 19. Rad1 Qf7 20. b3 Rg8 21. Bc1 Rae8 22. Kh2 e4 23. Nd4 Nxd4 24. cxd4 Bd5 25. Re3 f4 26. Rc3 Re6 27. Ne5 Bxe5 28. dxe5 c6 29. Rxd5 cxd5 30. Rc7 Re7 31. Rc6 Kh7 32. Be2 Rg5 33. e6 Qg6 34. Bg4 Nf6 35. Bxf4 Nxg4+ 36. hxg4 Rxg4 37. g3 Rxf4 38. Rc7 Rxf2+ 0-1

[Event "FIN-chT 0304"]
[Site "Finland"]
[Date "2004.03.14"]
[Round "9.3"]
[White "Keskisarja, Teemu"]
[Black "Kekki, Petri"]
[Result "1-0"]
[WhiteElo "2286"]
[BlackElo "2323"]
[PlyCount "102"]
[EventDate "2003.09.06"]
[EventType "team-tourn"]
[EventRounds "9"]
[EventCountry "FIN"]
[SourceTitle "EXT 2022"]
[Source "ChessBase"]
[SourceDate "2021.10.06"]
[SourceVersion "1"]
[SourceVersionDate "2021.10.06"]
[SourceQuality "1"]
[WhiteTeam "Turku TS"]
[BlackTeam "Espoo MatSK"]
[WhiteTeamCountry "FIN"]
[BlackTeamCountry "FIN"]

1. Nf3 d5 2. e3 Bg4 3. h3 Bxf3 4. Qxf3 e5 5. b3 Nf6 6. Bb2 Bd6 7. g3 Nbd7 8. d3 Qe7 9. Bg2 c6 10. 0-0 e4 11. Qe2 h5 12. Nd2 0-0-0 13. c4 h4 14. cxd5 cxd5 15. g4 Kb8 16. dxe4 Nxe4 17. Rad1 Bc7 18. Nxe4 dxe4 19. Bxg7 Rhg8 20. Bh6 f5 21. Bf4 Ne5 22. Rxd8+ Rxd8 23. Rd1 Rg8 24. Bxe5 Bxe5 25. Qc4 Rc8 26. Qd5 fxg4 27. hxg4 h3 28. Bxh3 Bc7 29. Rd4 Rf8 30. Qxe4 Qh4 31. Qg2 Rh8 32. g5 Qxh3 33. Qxh3 Rxh3 34. g6 Rh6 35. Rg4 Rh8 36. f4 Kc8 37. Kg2 Kd7 38. Kf3 Ke6 39. Rg2 Kf6 40. e4 Rh3+ 41. Ke2 Kg7 42. f5 Be5 43. Rg1 Rh2+ 44. Kd3 Rxa2 45. Rh1 Rh2 46. Rxh2 Bxh2 47. Kd4 Bd6 48. e5 Bf8 49. Kd5 Bb4 50. Kc4 Ba3 51. Kd5 a6 1-0

[Event "FIN-chT 0304"]
[Site "Finland"]
[Date "2003.10.25"]
[Round "3.4"]
[White "Keskisarja, Teemu"]
[Black "Satonen, Arto"]
[Result "1-0"]
[WhiteElo "2286"]
[BlackElo "2236"]
[PlyCount "95"]
[EventDate "2003.09.06"]
[EventType "team-tourn"]
[EventRounds "9"]
[EventCountry "FIN"]
[SourceTitle "EXT 2022"]
[Source "ChessBase"]
[SourceDate "2021.10.06"]
[SourceVersion "1"]
[SourceVersionDate "2021.10.06"]
[SourceQuality "1"]
[WhiteTeam "Turku TS"]
[BlackTeam "Vammala SK"]
[WhiteTeamCountry "FIN"]
[BlackTeamCountry "FIN"]

1. Nf3 d5 2. b3 c5 3. e3 Nc6 4. Bb2 Nf6 5. Bb5 g6 6. c4 dxc4 7. bxc4 Bd7 8. 0-0 Bg7 9. Nc3 0-0 10. Re1 Nb4 11. d4 Bg4 12. Rb1 cxd4 13. exd4 a6 14. Ba4 b5 15. cxb5 axb5 16. Bxb5 Bf5 17. Rc1 Nxa2 18. Nxa2 Rxa2 19. Qb3 Be6 20. Rxe6 Rxb2 21. Qxb2 fxe6 22. Qe2 Qd6 23. Rc6 Qb4 24. Rxe6 Qb1+ 25. Qf1 Qxf1+ 26. Kxf1 Rb8 27. Bc4 Kf8 28. Ne5 Rb1+ 29. Ke2 Nh5 30. Ra6 Bxe5 31. dxe5 Rc1 32. Ra4 Nf4+ 33. Kf3 g5 34. Kg4 h6 35. g3 Ng6 36. f4 gxf4 37. gxf4 Rg1+ 38. Kf5 Nh4+ 39. Ke6 Rg6+ 40. Kd7 Rg2 41. Ra8+ Kg7 42. Rg8+ Kh7 43. Rxg2 Nxg2 44. f5 Nh4 45. Bd3 Nf3 46. f6+ Kg8 47. fxe7 Nxe5+ 48. Ke6 1-0

[Event "FIN-chT 0304"]
[Site "Finland"]
[Date "2003.09.20"]
[Round "1.3"]
[White "Nouro, Mikael"]
[Black "Keskisarja, Teemu"]
[Result "1/2-1/2"]
[WhiteElo "2347"]
[BlackElo "2286"]
[PlyCount "33"]
[EventDate "2003.09.06"]
[EventType "team-tourn"]
[EventRounds "9"]
[EventCountry "FIN"]
[SourceTitle "EXT 2022"]
[Source "ChessBase"]
[SourceDate "2021.10.06"]
[SourceVersion "1"]
[SourceVersionDate "2021.10.06"]
[SourceQuality "1"]
[WhiteTeam "Helsinki Gaia"]
[BlackTeam "Turku TS"]
[WhiteTeamCountry "FIN"]
[BlackTeamCountry "FIN"]

1. e4 c5 2. Nf3 Nc6 3. Nc3 g6 4. d4 cxd4 5. Nxd4 Bg7 6. Be3 Nf6 7. Bc4 0-0 8. Bb3 a5 9. 0-0 d6 10. f3 Bd7 11. Ndb5 Ne5 12. Qe2 Bxb5 13. Qxb5 Qd7 14. a4 Rfc8 15. Rfd1 Qxb5 16. axb5 Nc4 17. Bxc4 1/2-1/2

[Event "FIN-chT 0203"]
[Site "Finland"]
[Date "2003.03.16"]
[Round "9.2"]
[White "Lehtinen, Heikki"]
[Black "Keskisarja, Teemu"]
[Result "1/2-1/2"]
[WhiteElo "2338"]
[BlackElo "2293"]
[PlyCount "117"]
[EventDate "2002.10.21"]
[EventType "team-tourn"]
[EventRounds "9"]
[EventCountry "FIN"]
[SourceTitle "EXT 2004"]
[Source "ChessBase"]
[SourceDate "2003.11.25"]
[SourceVersion "1"]
[SourceVersionDate "2003.11.25"]
[SourceQuality "1"]
[WhiteTeam "Tampere Taraus"]
[BlackTeam "Turku TS"]
[WhiteTeamCountry "FIN"]
[BlackTeamCountry "FIN"]

1. c4 Nf6 2. g3 c6 3. Bg2 d5 4. Nf3 g6 5. b3 Bg7 6. Bb2 0-0 7. 0-0 Bg4 8. Qc2 Nbd7 9. d3 Re8 10. Ne5 Nxe5 11. Bxe5 Qd7 12. Re1 Bh3 13. Bf3 Qf5 14. Qb2 Bh6 15. cxd5 cxd5 16. Bxf6 exf6 17. Nc3 Rad8 18. Nb5 Qd7 19. Nd4 Be6 20. e3 f5 21. Rac1 Bg7 22. Rc5 Be5 23. Qd2 Qe7 24. Rc2 h5 25. Ne2 h4 26. Rec1 b6 27. Nd4 Bd7 28. Bxd5 Qd6 29. Bf3 hxg3 30. hxg3 f4 31. gxf4 Bxd4 32. exd4 Qxd4 33. Be4 Bb5 34. Rd1 Re7 35. a4 Bd7 36. Qe3 Be6 37. Qxd4 Rxd4 38. Rb1 f5 39. Bg2 Rxd3 40. Re2 a5 41. b4 axb4 42. Rxb4 Rd6 43. Reb2 Rd1+ 44. Kh2 Rh7+ 45. Kg3 Rd3+ 46. f3 Ra7 47. Rxb6 Bf7 48. Bf1 Ra3 49. Bb5 Bd5 50. Rf2 Kg7 51. Be8 Bf7 52. Bc6 Bb3 53. Rd2 Bxa4 54. Bxa4 R3xa4 55. Rdd6 Kh7 56. Rxg6 Rg7 57. Rg5 Ra1 58. Rb2 Rg1+ 59. Rg2 1/2-1/2

[Event "FIN-chT 0102"]
[Site "Finland"]
[Date "2002.03.17"]
[Round "9.3"]
[White "Hentunen, Asko"]
[Black "Keskisarja, Teemu"]
[Result "0-1"]
[WhiteElo "2360"]
[BlackElo "2290"]
[PlyCount "66"]
[EventDate "2001.09.21"]
[EventType "team-tourn"]
[EventRounds "9"]
[EventCountry "FIN"]
[SourceTitle "EXT 2022"]
[Source "ChessBase"]
[SourceDate "2021.10.06"]
[SourceVersion "1"]
[SourceVersionDate "2021.10.06"]
[SourceQuality "1"]
[WhiteTeam "Espoo MatSK"]
[BlackTeam "Turku TS"]
[WhiteTeamCountry "FIN"]
[BlackTeamCountry "FIN"]

1. c4 Nf6 2. g3 e6 3. Bg2 d5 4. Nf3 Be7 5. d4 0-0 6. 0-0 dxc4 7. Ne5 Nc6 8. Nxc6 bxc6 9. Na3 Rb8 10. Nxc4 c5 11. Na5 Rb6 12. Nc6 Qd7 13. Nxe7+ Qxe7 14. dxc5 Rb5 15. c6 Nd5 16. e4 Nb6 17. a4 Rc5 18. a5 Nc4 19. Qe2 e5 20. b3 Nd6 21. Ba3 Rxc6 22. Rfc1 Rxc1+ 23. Rxc1 Be6 24. Qa6 Qd7 25. Bf1 Rd8 26. Qxa7 Nxe4 27. Qxc7 Qd2 28. Rc2 Qd1 29. Rc1 Qd2 30. Qb6 h5 31. Qe3 Qxa5 32. b4 Qa4 33. b5 Nd2 0-1